Technology and Intimacy: Choice or Coercion 12th IFIP TC 9 International Conference on Human Choice and Computers, HCC12 2016, Salford, UK, September 7-9, 2016, Proceedings /

This book constitutes the refereed proceedings of the 12th IFIP TC 9 International Conference on Human Choice and Computers, HCC12 2016, held in Salford, UK, in September 2016. The 26 revised full papers presented were carefully reviewed and selected from 34 submissions. The papers deal with the con...

Πλήρης περιγραφή

Λεπτομέρειες βιβλιογραφικής εγγραφής
Συγγραφή απο Οργανισμό/Αρχή: SpringerLink (Online service)
Άλλοι συγγραφείς: Kreps, David (Επιμελητής έκδοσης), Fletcher, Gordon (Επιμελητής έκδοσης), Griffiths, Marie (Επιμελητής έκδοσης)
Μορφή: Ηλεκτρονική πηγή Ηλ. βιβλίο
Γλώσσα:English
Έκδοση: Cham : Springer International Publishing : Imprint: Springer, 2016.
Σειρά:IFIP Advances in Information and Communication Technology, 474
Θέματα:
Διαθέσιμο Online:Full Text via HEAL-Link
LEADER 02629nam a22005535i 4500
001 978-3-319-44805-3
003 DE-He213
005 20160824034158.0
007 cr nn 008mamaa
008 160824s2016 gw | s |||| 0|eng d
020 |a 9783319448053  |9 978-3-319-44805-3 
024 7 |a 10.1007/978-3-319-44805-3  |2 doi 
040 |d GrThAP 
050 4 |a QA76.9.C66 
072 7 |a UBJ  |2 bicssc 
072 7 |a COM079000  |2 bisacsh 
082 0 4 |a 004  |2 23 
245 1 0 |a Technology and Intimacy: Choice or Coercion  |h [electronic resource] :  |b 12th IFIP TC 9 International Conference on Human Choice and Computers, HCC12 2016, Salford, UK, September 7-9, 2016, Proceedings /  |c edited by David Kreps, Gordon Fletcher, Marie Griffiths. 
264 1 |a Cham :  |b Springer International Publishing :  |b Imprint: Springer,  |c 2016. 
300 |a XXV, 345 p. 74 illus.  |b online resource. 
336 |a text  |b txt  |2 rdacontent 
337 |a computer  |b c  |2 rdamedia 
338 |a online resource  |b cr  |2 rdacarrier 
347 |a text file  |b PDF  |2 rda 
490 1 |a IFIP Advances in Information and Communication Technology,  |x 1868-4238 ;  |v 474 
520 |a This book constitutes the refereed proceedings of the 12th IFIP TC 9 International Conference on Human Choice and Computers, HCC12 2016, held in Salford, UK, in September 2016. The 26 revised full papers presented were carefully reviewed and selected from 34 submissions. The papers deal with the constantly evolving intimate relationship between humans and technology. They focus on three main themes: ethics, communications, and futures. 
650 0 |a Computer science. 
650 0 |a Communication. 
650 0 |a Computer security. 
650 0 |a User interfaces (Computer systems). 
650 0 |a Application software. 
650 0 |a Computers and civilization. 
650 1 4 |a Computer Science. 
650 2 4 |a Computers and Society. 
650 2 4 |a User Interfaces and Human Computer Interaction. 
650 2 4 |a Information Systems Applications (incl. Internet). 
650 2 4 |a Computer Appl. in Administrative Data Processing. 
650 2 4 |a Systems and Data Security. 
650 2 4 |a Media Studies. 
700 1 |a Kreps, David.  |e editor. 
700 1 |a Fletcher, Gordon.  |e editor. 
700 1 |a Griffiths, Marie.  |e editor. 
710 2 |a SpringerLink (Online service) 
773 0 |t Springer eBooks 
776 0 8 |i Printed edition:  |z 9783319448046 
830 0 |a IFIP Advances in Information and Communication Technology,  |x 1868-4238 ;  |v 474 
856 4 0 |u http://dx.doi.org/10.1007/978-3-319-44805-3  |z Full Text via HEAL-Link 
912 |a ZDB-2-SCS 
950 |a Computer Science (Springer-11645)